000 00441cam a2200145 4500500
005 20251012020630.0
041 _afre
042 _adc
100 1 0 _ad'Arienzo, María
_eauthor
245 0 0 _aPages de fin
260 _c2006.
500 _a67
786 0 _nL'Année canonique | XLVIII | 1 | 2006-02-11 | p. 408-410 | 0570-1953
856 4 1 _uhttps://shs.cairn.info/revue-l-annee-canonique-2006-1-page-408?lang=fr&redirect-ssocas=7080
999 _c1536254
_d1536254